000 01387cam a2200301 a 4500
001 14593197
005 20170105102410.0
008 061013s2006 cau b 001 0 eng
010 _a 2006033541
020 _a9781576754306 (pbk.)
040 _aDLC
_cDLC
_dDLC
050 0 0 _aPN147
_b.F66 2006
082 0 0 _a808.066659 FOS
_222
100 1 _aFoster, Jack,
_d1930-
245 1 0 _aHow to get ideas
_cby Jack Foster ; illustrated by Larry Corby.
250 _a2nd ed.
260 _aSan Francisco :
_bBerrett-Koehler Publishers,
_c2006.
300 _a214 p. ;
_c22 cm.
504 _aIncludes bibliographical references (p. 185-197) and index.
505 0 _aHave fun -- Be more like a child -- Become idea-prone -- Visualize success -- Rejoice in failure -- Get more inputs -- Screw up your courage -- Team up with energy -- Rethink your thinking -- Learn how to combine -- Define the problem -- Gather the information -- Search for the idea -- Forget about it -- Put the idea into action.
650 0 _aAuthorship.
650 0 _aAdvertising.
650 0 _aBusiness writing.
856 4 1 _3Table of contents only
_uhttp://www.loc.gov/catdir/toc/ecip072/2006033541.html
906 _a7
_bcbc
_corignew
_d1
_eecip
_f20
_gy-gencatlg
942 _2ddc
_cBK
999 _c12880
_d12880